| 000 | 00386nam a2200133Ia 4500 | ||
|---|---|---|---|
| 008 | 220217s9999||||xx |||||||||||||| ||und|| | ||
| 020 | _a978007070368 | ||
| 082 | _a005.13 SCH | ||
| 100 | _aSchildt, Herbert | ||
| 245 | 0 | _aC# 4.0 : the complete reference | |
| 260 |
_aTata mcgraw hill company Ltd _bNew Delhi _c2012 |
||
| 300 |
_aXXVI, 949p. _b575 |
||
| 650 | _aPROGRAMMING LANGUAGE | ||
| 999 |
_c183812 _d183812 |
||